Preȯ de transfern̊cia como norma de ajuste do imposto sobre a renda

Bibliographic Details
Main Author: de Freitas, Vivian
Other Authors: de Oliveira, Rodrigues
Format: eBook
Language:Portuguese
Published: San Pablo: Editora Noeses, 2015
Subjects:
Online Access:Acceso restringido

MARC

LEADER 00000nam a22000007a 4500
005 20210906225455.0
007 cr|||| |||
008 210906s2015 br |||||s|||| 00||0 por d
020 |a 978-85-8310-038-6 
035 |a Editora Noeses 
040 |a vLex 
090 |c 12275  |d 12275 
100 1 |a de Freitas, Vivian 
245 1 0 |a Preȯ de transfern̊cia como norma de ajuste do imposto sobre a renda  |h [Recurso electrn̤ico] /  |c Vivian de Freitas, Rodrigues de Oliveira 
256 |a Servicio en ln̕ea 
260 |a San Pablo:  |b Editora Noeses,  |c 2015 
300 |a 1 recurso electrn̤ico 
500 |a A obra aborda a estrutura da norma jurd̕ica de preȯ de transfern̊cia, os princp̕ios aplicados, os mťodos para determinaȯ̂ dos preȯs de transfern̊cia no Brasil (mťodos de importaȯ̂ e de exportaȯ̂), os mťodos para determinaȯ̂ dos preȯs de transfern̊cia no modelo OCDE e o preȯ de transfern̊cia como ficȯ̂ jurd̕ica. E ainda, a regra-matriz do IRPJ. 
506 1 |a Disponible solo en los productos indicados  |d vLex Global  |d vLex Global (Academic Edition, excluding Law Schools)  |d vLex Global (U.S. Academic Edition, Law Schools)  |d vLex Global (U.S. Academic Edition, excluding Law Schools)  |d vLex Global (Academic Edition, Law Schools) 
650 0 4 |a Derecho Tributario  |z Brasil 
700 1 |a de Oliveira, Rodrigues 
740 0 |a vLex Libros (Servicio en ln̕ea) 
856 4 0 |u https://app.vlex.com/#/sources/35057  |z Acceso restringido 
942 |c BOOK 
999 0 |a Tax Law